000 00192 a2200097 4500
020 _a9780395616352
041 _aspa
100 _aB;Barrera,Rosalinda
245 _aSiempre Soąba
942 _cBK
999 _c31770
_d31768